| 000 | 01058nam a22001817a 4500 | ||
|---|---|---|---|
| 999 |
_c6304 _d6304 |
||
| 003 | GBCCL | ||
| 005 | 20241126110600.0 | ||
| 008 | 180509b ||||| |||| 00| 0 eng d | ||
| 040 | _cgbc | ||
| 082 |
_a004 _bTIM |
||
| 110 |
_aTime-Life Books. _911295 |
||
| 245 |
_aUnderstanding computers _cTime-Life Books. |
||
| 260 |
_aAlexandria, Va. : _bTime-Life Books, _c1985- |
||
| 300 | _avolumes : color illustrations ; 29 cm | ||
| 505 | _av.1 Computer basics. -- v. 2 Software. -- v. 3. Computer images. -- v. 4. Input/Output. -- v. 5. computer security. -- v. 6. Artificial Intelligence. -- v. 7 Computer languages. -- v. 8. Communications. -- v. 9. Robotics. -- v. 10. Speed and Power. -- v. 11. space. -- v. 12 Revolution in Space. -- v. 13. Memory and storage. -- v. 14. Computerized society. -- v. 15 Transportation. -- v. 16. Military frontier. -- v. 17 Computers and the cosmos. -- v. 18 Chip makers. -- v. 19 Puzzle master. -- v. 20 Software challenge. -- v. 21 Human body. -- v. 22 alternate computing. | ||
| 650 |
_aComputers. _911296 |
||
| 942 |
_2ddc _cREF |
||